00721nam a2200181 i 4500001000400000245021600004260004200220300003400262650001700296655001700313700002400330710001500354020001500369040000800384041000800392008004100400856009800441bgj00aThe Prevention How-To Dictionary of Healing Remedies and Techniques :bfrom acupressure and aspirin to yoga and yogurt over 350 curative options /cby the editors of Prevention Magazine ; edited by John Feltman. aEmmaus, Pa :bRodale Press,cc. 1992. aXII, 499 pp :bill. ;c24 cm. 9aTherapeutics aDictionaries1 aFELTMAN, John.eed.p0aPREVENTION a0875961142 cBPK0 aeng s uk f |000 0 eng  uhttp://koha.tu.koszalin.pl/cgi-bin/koha/opac-detail.pl?biblionumber=47584yKatalog online BPK